[Event "Karpos Open 2013"]
[Site "Skopje MKD"]
[Date "2013.03.13"]
[Round "6.9"]
[White "Rodshtein, Maxim"]
[Black "Baron, Tal"]
[Result "1-0"]
[WhiteTitle "GM"]
[BlackTitle "GM"]
[WhiteElo "2615"]
[BlackElo "2465"]
[WhiteFideId "2806851"]
[BlackFideId "2809958"]
[EventDate "2013.03.09"]

1. Nf3 Nf6 2. c4 g6 3. Nc3 d5 4. cxd5 Nxd5 5. g3 Bg7 6. Bg2 Nb6 7. O-O Nc6 8. d3
O-O 9. Be3 e5 10. b4 Nd4 11. Rb1 c6 12. Ne4 Nd5 13. Bd2 Qe7 14. Nxd4 exd4 15. b5
Bd7 16. Qb3 a6 17. bxc6 Bxc6 18. Rfc1 Rfe8 19. Ba5 Rac8 20. Rc2 Kh8 21. Rbc1 f5
22. Ng5 Qxg5 23. Bxd5 Rxe2 24. Bxc6 Rxc2 25. Rxc2 bxc6 26. Rxc6 Re8 27. Qf7 Rf8
28. Qd7 f4 29. Bd2 Qh5 30. Bxf4 Qd1+ 31. Kg2 Qxd3 32. Rc7 Qe4+ 33. f3 Qe2+ 34.
Kh3 Qf1+ 35. Kg4 h5+ 36. Kg5 Qb5+ 37. Qxb5 axb5 38. Kxg6 Rf6+ 39. Kxh5 Ra6 40.
Rb7 Rxa2 41. Rxb5 Rxh2+ 42. Kg6 Kg8 43. Rb8+ Bf8 44. Bg5 Rh3 45. Bh4 1-0

[Event "Karpos Open 2013"]
[Site "Skopje MKD"]
[Date "2013.03.13"]
[Round "6.14"]
[White "Arat, Ufuk Sezen"]
[Black "Nabaty, Tamir"]
[Result "0-1"]
[BlackTitle "GM"]
[WhiteElo "2188"]
[BlackElo "2566"]
[WhiteFideId "6309089"]
[BlackFideId "2809052"]
[EventDate "2013.03.09"]

1. d4 Nf6 2. Nf3 d5 3. e3 g6 4. Nbd2 Bg7 5. Be2 O-O 6. O-O c5 7. c3 Qb6 8. a4
Nc6 9. a5 Nxa5 10. dxc5 Qc7 11. b4 Nc6 12. Nd4 Bf5 13. Ba3 Ne5 14. Nxf5 gxf5 15.
Rc1 a5 16. b5 Ne4 17. f4 Nd7 18. Nxe4 dxe4 19. c6 bxc6 20. Bxe7 Rfe8 21. Bd6 Qb6
22. bxc6 Qxc6 23. c4 Nc5 24. Qd5 Qxd5 25. cxd5 Nd3 26. Bc7 Nxc1 27. Rxc1 a4 28.
Bb5 Rec8 29. d6 a3 30. Bc6 Ra7 31. Rd1 a2 32. d7 Raxc7 0-1

[Event "Karpos Open 2013"]
[Site "Skopje MKD"]
[Date "2013.03.13"]
[Round "6.15"]
[White "Indjic, Aleksandar"]
[Black "Cheparinov, Ivan"]
[Result "0-1"]
[WhiteTitle "IM"]
[BlackTitle "GM"]
[WhiteElo "2502"]
[BlackElo "2706"]
[WhiteFideId "911925"]
[BlackFideId "2905540"]
[EventDate "2013.03.09"]

1. d4 d5 2. c4 e6 3. Nc3 c6 4. e4 Bb4 5. a3 Bxc3+ 6. bxc3 dxe4 7. Qg4 Nf6 8.
Qxg7 Rg8 9. Qh6 c5 10. Ne2 Nc6 11. Be3 Bd7 12. Rb1 Na5 13. Nf4 Qe7 14. Nh5 Nxh5
15. Qxh5 O-O-O 16. Qe5 Nc6 17. Qxc5 Qxc5 18. dxc5 e5 19. f4 exf3 20. gxf3 f5 21.
f4 exf4 22. Bxf4 Ne5 23. Bxe5 Rde8 24. Kf2 Rxe5 25. Rg1 Rxg1 26. Kxg1 Rxc5 27.
Kf2 Ra5 28. Ra1 Kc7 29. Ke3 Re5+ 30. Kf3 Re4 31. Bd3 Rh4 32. Kg3 Rg4+ 33. Kf2
Bc6 34. Bf1 Rf4+ 35. Ke3 Re4+ 36. Kd3 Rh4 37. Ra2 Kd6 38. Ke3 Ke5 39. h3 Re4+
40. Kd3 f4 41. Re2 Rxe2 42. Kxe2 Kf5 43. Kf2 b6 44. Be2 Kg5 45. Bd3 h6 46. Be2
Be4 47. Bg4 Bf5 48. Kf3 h5 49. h4+ Kg6 50. Bxh5+ Kxh5 51. Kxf4 Bd3 52. c5 bxc5
53. Ke5 c4 54. a4 Kxh4 55. a5 Kg4 0-1

[Event "Karpos Open 2013"]
[Site "Skopje MKD"]
[Date "2013.03.13"]
[Round "6.17"]
[White "Parligras, Mircea-Emilian"]
[Black "Kadric, Denis"]
[Result "1/2-1/2"]
[WhiteTitle "GM"]
[BlackTitle "IM"]
[WhiteElo "2616"]
[BlackElo "2473"]
[WhiteFideId "1204297"]
[BlackFideId "14403803"]
[EventDate "2013.03.09"]

1. d4 d6 2. e4 Nf6 3. f3 c5 4. d5 g6 5. c4 e6 6. Ne2 exd5 7. cxd5 Nh5 8. Be3 Nd7
9. Nbc3 Bg7 10. Ng3 Nxg3 11. hxg3 h5 12. Be2 Ne5 13. g4 hxg4 14. Rxh8+ Bxh8 15.
f4 Nd7 16. Bxg4 f5 17. Bf3 Qe7 18. Qd3 Bxc3+ 19. bxc3 Nf6 20. e5 dxe5 21. d6 Qe6
22. fxe5 Qxe5 23. Qb5+ Bd7 24. Qxc5 Qxc5 25. Bxc5 Bc6 26. Kd2 Kd7 27. Rh1 Rg8
28. Ke3 Bxf3 29. gxf3 Kc6 30. Ba3 g5 31. Rh6 Nd7 32. Kf2 g4 33. Rh5 gxf3 34.
Rxf5 Rg2+ 35. Kxf3 Rxa2 36. Ra5 a6 37. Ke3 b6 38. Rxa6 Kb7 39. Ra4 Nc5 40. Bxc5
Rxa4 41. d7 1/2-1/2

[Event "Karpos Open 2013"]
[Site "Skopje MKD"]
[Date "2013.03.13"]
[Round "6.18"]
[White "Raznikov, Danny"]
[Black "Kozul, Zdenko"]
[Result "0-1"]
[WhiteTitle "IM"]
[BlackTitle "GM"]
[WhiteElo "2474"]
[BlackElo "2608"]
[WhiteFideId "2811154"]
[BlackFideId "14502879"]
[EventDate "2013.03.09"]

1. d4 Nf6 2. c4 g6 3. Nc3 Bg7 4. e4 d6 5. Nf3 O-O 6. h3 e5 7. d5 a5 8. Be3 Na6
9. g4 Bd7 10. Be2 c6 11. Nd2 Nc5 12. g5 Ne8 13. h4 Nc7 14. h5 Re8 15. hxg6 hxg6
16. Kf1 N7a6 17. a3 a4 18. Kg2 cxd5 19. cxd5 b5 20. Na2 Rc8 21. Rh4 Kf8 22. Rh7
Ke7 23. Nc3 Rh8 24. Qh1 Rxh7 25. Qxh7 Kf8 26. f4 exf4 27. Bxf4 Qe7 28. Rf1 b4
29. axb4 Nxb4 30. Qh2 Kg8 31. Rh1 Ncd3 32. Bxd6 Qxg5+ 33. Kf1 f6 34. Nf3 Qe3 35.
Bxb4 Bh3+ 0-1

[Event "Karpos Open 2013"]
[Site "Skopje MKD"]
[Date "2013.03.13"]
[Round "6.19"]
[White "Arnaudov, G. Petar"]
[Black "Romanov, Evgeny"]
[Result "1/2-1/2"]
[WhiteTitle "IM"]
[BlackTitle "GM"]
[WhiteElo "2468"]
[BlackElo "2603"]
[WhiteFideId "2907127"]
[BlackFideId "4148843"]
[EventDate "2013.03.09"]

1. d4 Nf6 2. c4 e6 3. Nc3 Bb4 4. e3 O-O 5. Bd3 d5 6. Nf3 b6 7. O-O Bb7 8. cxd5
exd5 9. Ne5 Bd6 10. f4 c5 11. Qf3 Nc6 12. Qh3 g6 13. Kh1 Nb4 14. Bb1 Qe7 15. Bd2
Ne4 16. Nxe4 dxe4 17. a3 Bxe5 18. dxe5 Ba6 19. Bxe4 Rad8 20. Rf2 Nd3 21. Bxd3
Rxd3 22. f5 Qxe5 23. Bc3 Qxe3 24. Rf3 Qe2 25. Rxd3 Qxd3 26. Qh6 f6 27. fxg6 Qxg6
28. Qd2 Re8 29. Re1 Rxe1+ 1/2-1/2

[Event "Karpos Open 2013"]
[Site "Skopje MKD"]
[Date "2013.03.13"]
[Round "6.21"]
[White "Palac, Mladen"]
[Black "Battaglini, Gabriel"]
[Result "1-0"]
[WhiteTitle "GM"]
[BlackTitle "IM"]
[WhiteElo "2572"]
[BlackElo "2436"]
[WhiteFideId "14500116"]
[BlackFideId "621650"]
[EventDate "2013.03.09"]

1. e4 e6 2. d4 d5 3. Nc3 Nf6 4. Bg5 dxe4 5. Nxe4 Be7 6. Bxf6 gxf6 7. Nf3 a6 8.
c4 f5 9. Nc3 Bf6 10. Qd2 c5 11. d5 e5 12. Qc2 e4 13. Nd2 Nd7 14. f3 Ne5 15. Be2
exf3 16. Nxf3 Nxf3+ 17. Bxf3 O-O 18. O-O-O Qa5 19. Be2 Bd7 20. Bd3 b5 21. Rhf1
bxc4 22. Bxf5 Bxf5 23. Qxf5 Be7 24. Ne4 1-0

[Event "Karpos Open 2013"]
[Site "Skopje MKD"]
[Date "2013.03.13"]
[Round "6.22"]
[White "Kuljasevic, Davorin"]
[Black "Kohlweyer, Bernd"]
[Result "0-1"]
[WhiteTitle "GM"]
[BlackTitle "IM"]
[WhiteElo "2564"]
[BlackElo "2458"]
[WhiteFideId "14506661"]
[BlackFideId "4600622"]
[EventDate "2013.03.09"]

1. c4 g6 2. d4 Nf6 3. Nc3 Bg7 4. e4 O-O 5. Nf3 c6 6. Bd3 d6 7. O-O Bg4 8. Be3
Nfd7 9. Be2 Na6 10. Rc1 Nc7 11. d5 c5 12. Bg5 a6 13. a4 Rb8 14. a5 b6 15. axb6
Rxb6 16. Na4 Rb7 17. Bd2 e6 18. h3 Bxf3 19. Bxf3 exd5 20. exd5 Re8 21. g3 h5 22.
Bg2 Bd4 23. Kh1 Qf6 24. b3 Reb8 25. Rb1 Ne8 26. Qc2 Qf5 27. Qxf5 gxf5 28. Nc3
Rxb3 29. Rxb3 Rxb3 30. Ne2 Be5 31. Nc1 Ra3 32. Re1 Ng7 33. Bf1 Bc3 34. Bxc3 Rxc3
35. Nd3 Nf6 36. Ra1 Ne4 37. Kg2 Rxc4 38. Nf4 Rc2 39. Be2 Ne8 40. Rxa6 N8f6 41.
f3 Nxd5 42. Nxd5 Rxe2+ 43. Kg1 Nxg3 44. Rxd6 Kg7 45. Nf4 Rc2 46. h4 c4 47. Rc6
Kf8 48. Rc8+ Ke7 49. Rg8 Ne2+ 50. Nxe2 Rxe2 51. Rc8 Rc2 52. Kf1 Kd6 53. Ke1 Kd5
54. Rf8 Ke5 55. Rxf7 Kf4 56. Rh7 Kxf3 57. Rxh5 f4 58. Rc5 Kg3 59. h5 f3 60. Rg5+
Kf4 61. Rc5 Rh2 62. Kf1 Ke3 63. Re5+ Kd4 64. Re8 Rxh5 0-1

[Event "Karpos Open 2013"]
[Site "Skopje MKD"]
[Date "2013.03.13"]
[Round "6.23"]
[White "Haznedaroglu, Kivanc"]
[Black "Kovacevic, Aleksandar"]
[Result "0-1"]
[WhiteTitle "GM"]
[BlackTitle "GM"]
[WhiteElo "2428"]
[BlackElo "2563"]
[WhiteFideId "6300634"]
[BlackFideId "903124"]
[EventDate "2013.03.09"]

1. e4 c5 2. Nf3 d6 3. d4 cxd4 4. Qxd4 Nc6 5. Bb5 Bd7 6. Bxc6 Bxc6 7. Nc3 Nf6 8.
Bg5 e6 9. O-O-O Be7 10. Qd3 Qa5 11. h4 h6 12. Bd2 Ng4 13. Rdf1 Qc5 14. Qe2 b5
15. Ne1 Ne5 16. Be3 Qc4 17. f3 b4 18. Qxc4 Nxc4 19. Nd1 d5 20. exd5 Bxd5 21. Nd3
Nxe3 22. Nxe3 Bb7 23. Re1 Rc8 24. Kb1 Rc7 25. f4 f6 26. Rh2 h5 27. g3 Kf7 28.
Rhe2 Rd8 29. b3 Be4 30. Rd2 Rcd7 31. Red1 Bxd3 32. cxd3 Bc5 33. Nc4 Kg6 34. Kc2
Kf5 35. Re1 Kg4 36. Rxe6 Kxg3 37. f5 Kf4 38. Rc6 Bd4 39. Rd1 Kxf5 40. Nd2 Be5
41. Rf1+ Kg6 42. Nf3 Bc3 43. Ng5 Rxd3 44. Ne6 Rd2+ 45. Kc1 Rxa2 46. Rg1+ Kh6 0-1

[Event "Karpos Open 2013"]
[Site "Skopje MKD"]
[Date "2013.03.13"]
[Round "6.25"]
[White "Zlatanovic, Boroljub"]
[Black "Djukic, Nikola"]
[Result "0-1"]
[WhiteTitle "FM"]
[BlackTitle "GM"]
[WhiteElo "2412"]
[BlackElo "2545"]
[WhiteFideId "916390"]
[BlackFideId "922412"]
[EventDate "2013.03.09"]

1. Nc3 c5 2. e4 Nc6 3. f4 g6 4. Nf3 Bg7 5. g4 e6 6. Bg2 Nge7 7. g5 d5 8. d3 dxe4
9. dxe4 Qxd1+ 10. Nxd1 e5 11. c3 Be6 12. O-O O-O 13. Nf2 Rad8 14. Bh3 exf4 15.
Bxf4 Bc4 16. Rfe1 f5 17. Nd2 Bf7 18. exf5 gxf5 19. Nf3 Ng6 20. Be3 Bd5 21. Bg2
b6 22. a4 f4 23. Bc1 Na5 24. Ng4 Nb3 25. Rb1 Rfe8 26. Kf2 Rxe1 27. Kxe1 Be4 28.
Nd4 cxd4 29. Bxe4 Re8 0-1

[Event "Karpos Open 2013"]
[Site "Skopje MKD"]
[Date "2013.03.13"]
[Round "6.27"]
[White "Strugnell, Carl"]
[Black "Dvirnyy, Danyyil"]
[Result "0-1"]
[WhiteTitle "FM"]
[BlackTitle "IM"]
[WhiteElo "2301"]
[BlackElo "2530"]
[WhiteFideId "616753"]
[BlackFideId "817570"]
[EventDate "2013.03.09"]

1. e4 e5 2. Nf3 Nc6 3. Bb5 a6 4. Ba4 Nf6 5. O-O b5 6. Bb3 Bc5 7. c3 d6 8. a4 Rb8
9. Re1 O-O 10. a5 Ba7 11. d4 Bg4 12. Be3 Bxf3 13. gxf3 Nh5 14. d5 Bxe3 15. fxe3
Qg5+ 16. Kh1 Ne7 17. Qe2 f5 18. Rg1 Qh4 19. Nd2 f4 20. Qe1 Qh3 21. Rg4 Ng6 22.
c4 Nf6 23. Rxg6 hxg6 24. exf4 Nh5 25. Rc1 Nxf4 26. Qg3 Qxg3 27. hxg3 Ne2 28. Re1
Nd4 0-1

[Event "Karpos Open 2013"]
[Site "Skopje MKD"]
[Date "2013.03.13"]
[Round "6.28"]
[White "Grigorov, Grigor"]
[Black "Sandalakis, Angelos"]
[Result "1/2-1/2"]
[WhiteTitle "GM"]
[WhiteElo "2516"]
[BlackElo "2401"]
[WhiteFideId "2907313"]
[BlackFideId "4207645"]
[EventDate "2013.03.09"]

1. d4 Nf6 2. c4 e6 3. Nf3 b6 4. g3 Bb7 5. Bg2 Be7 6. O-O O-O 7. Nc3 Ne4 8. Bd2
f5 9. Qc2 Nxc3 10. Bxc3 Be4 11. Qd2 Bf6 12. Rad1 d5 13. b3 Na6 14. Ne1 Bxg2 15.
Nxg2 c6 16. Qd3 Nc7 17. f3 Qd7 18. e4 fxe4 19. fxe4 Bg5 20. h4 Rxf1+ 21. Rxf1
Be7 22. Ne3 Rf8 23. Rxf8+ Bxf8 24. Ng4 Bd6 25. Kg2 Qf7 26. Qe2 h5 27. Nf2 Qg6
28. Qd3 dxe4 29. Qe3 Ne8 30. Nxe4 Be7 31. Kh2 Nd6 1/2-1/2

[Event "Karpos Open 2013"]
[Site "Skopje MKD"]
[Date "2013.03.13"]
[Round "6.29"]
[White "Stevic, Hrvoje"]
[Black "Atakisi, Umut"]
[Result "1-0"]
[WhiteTitle "GM"]
[BlackTitle "IM"]
[WhiteElo "2620"]
[BlackElo "2328"]
[WhiteFideId "14502569"]
[BlackFideId "6301037"]
[EventDate "2013.03.09"]

1. e4 c5 2. Nf3 d6 3. d4 cxd4 4. Qxd4 Nc6 5. Bb5 Qa5+ 6. Nc3 Qxb5 7. Nxb5 Nxd4
8. Nfxd4 Kd8 9. c4 Nf6 10. f3 Bd7 11. a4 a6 12. Nc3 e6 13. b3 Rc8 14. Bb2 Kc7
15. O-O-O Kb8 16. Kb1 Be8 17. Rd2 Nd7 18. Rhd1 g5 19. Nce2 Rg8 20. Ng3 Be7 21.
Ka2 b6 22. Nde2 Rc7 23. Nc1 f6 24. Nd3 Kb7 25. Ba3 Nc5 26. Ne2 Bf7 27. Nc3 Be8
28. Nb2 Bf7 29. b4 Nd7 30. b5 Nc5 31. bxa6+ Kxa6 32. Nb5 Rd7 33. Bxc5 bxc5 34.
Nxd6 Rgd8 35. Nxf7 Rxd2 36. Nxd8 Rxd1 37. Nxd1 Bxd8 38. Nf2 Bc7 39. Ng4 f5 40.
exf5 exf5 41. Nh6 Bxh2 42. Nxf5 Be5 43. g4 Ka5 44. Kb3 Bf6 45. Nd6 Be7 46. Ne4
Kb6 47. Ka3 Kc6 48. Kb2 h6 49. Nd2 Bd8 50. Kc2 Kd6 51. Nb3 Bb6 52. Kd3 Ke5 53.
Ke3 Bd8 54. a5 Bc7 55. a6 Bb6 56. Na5 Kd6 57. Ke4 Kc7 58. Nb3 Kc6 59. Kf5 Ba7
60. Kg6 1-0

[Event "Karpos Open 2013"]
[Site "Skopje MKD"]
[Date "2013.03.13"]
[Round "6.32"]
[White "Saric, Ante"]
[Black "Piskur, Mitja"]
[Result "1-0"]
[WhiteTitle "GM"]
[BlackTitle "FM"]
[WhiteElo "2549"]
[BlackElo "2301"]
[WhiteFideId "14506254"]
[BlackFideId "14600943"]
[EventDate "2013.03.09"]

1. e4 d5 2. exd5 Qxd5 3. Nf3 Bg4 4. Be2 Nc6 5. h3 Bxf3 6. Bxf3 Qe6+ 7. Qe2 Nd4
8. Qxe6 Nxf3+ 9. gxf3 fxe6 10. d4 g6 11. Bf4 Bh6 12. Bxc7 Rc8 13. Be5 Nf6 14.
Na3 O-O 15. Ke2 Nd7 16. Bg3 Rf5 17. Rad1 b5 18. c3 a5 19. Nc2 b4 20. Ne3 Bxe3
21. fxe3 bxc3 22. Rc1 Rb5 23. bxc3 Rb2+ 24. Kd3 Rxa2 25. Ra1 Rg2 26. Rhg1 Rxg1
27. Rxg1 Nb6 28. Rb1 Nc4 29. Bh4 a4 30. Bxe7 a3 31. Bb4 Nb2+ 32. Kc2 a2 33. Ra1
Nc4 34. Rxa2 Nxe3+ 35. Kd3 Nd5 36. h4 Rc7 37. Ra8+ Kf7 38. Bc5 e5 39. Rf8+ Kg7
40. Rd8 Nf4+ 41. Ke4 Ne6 42. Bd6 Rxc3 43. Bxe5+ Kh6 44. Rd7 Rc6 45. Re7 Ra6 46.
Kd5 1-0

[Event "Karpos Open 2013"]
[Site "Skopje MKD"]
[Date "2013.03.13"]
[Round "6.34"]
[White "Drenchev, Petar"]
[Black "Mladenovic, Stefan"]
[Result "1/2-1/2"]
[WhiteTitle "GM"]
[WhiteElo "2491"]
[BlackElo "2292"]
[WhiteFideId "2903261"]
[BlackFideId "942227"]
[EventDate "2013.03.09"]

1. c4 e5 2. Nc3 Nc6 3. Nf3 g6 4. g3 Bg7 5. Bg2 Nf6 6. O-O O-O 7. Rb1 a5 8. a3 d6
9. d3 h6 10. b4 axb4 11. axb4 Be6 12. b5 Ne7 13. Bb2 Nd7 14. Nd2 c6 15. Ra1 Qc7
16. Qc2 f5 17. Rfb1 g5 18. bxc6 Rxa1 19. Bxa1 bxc6 20. Qa2 Rb8 21. Rxb8+ Qxb8
22. Nb3 d5 23. cxd5 cxd5 24. Na5 Qd6 25. Nb7 Qc7 26. Qa3 Bf8 27. Qd6 Qxd6 28.
Nxd6 e4 29. Ncb5 Bg7 30. Bxg7 Kxg7 31. dxe4 dxe4 32. Nd4 Kf6 33. g4 fxg4 34.
Nxe4+ Ke5 35. Nxe6 Kxe6 36. h3 gxh3 37. Bxh3+ Ke5 38. Nxg5 hxg5 39. Bxd7 Nd5 40.
Kg2 Nf6 41. Bc8 Kf4 42. e3+ Ke4 43. Kg3 Ke5 44. Kf3 Kd5 45. Bf5 Ke5 46. Bg6 Kd5
47. Bb1 Ke5 48. Kg3 Kd6 49. f3 Ke5 50. f4+ gxf4+ 51. exf4+ Kd6 52. Kh4 Nd5 53.
f5 Ne3 54. f6 Nd5 55. f7 Ke7 1/2-1/2

[Event "Karpos Open 2013"]
[Site "Skopje MKD"]
[Date "2013.03.13"]
[Round "6.35"]
[White "Goriatchkin, Jouri"]
[Black "Berescu, Alin-Mile"]
[Result "1-0"]
[WhiteTitle "FM"]
[BlackTitle "GM"]
[WhiteElo "2302"]
[BlackElo "2477"]
[WhiteFideId "4120183"]
[BlackFideId "1204920"]
[EventDate "2013.03.09"]

1. d4 d5 2. c4 e6 3. Nf3 c6 4. Nbd2 Nf6 5. g3 dxc4 6. Nxc4 Nbd7 7. Bg2 b5 8.
Nce5 Bb7 9. O-O Qb6 10. Nxd7 Nxd7 11. e4 Be7 12. Be3 c5 13. Rc1 Bxe4 14. dxc5
Qa6 15. Ne5 Nxe5 16. Bxe4 Rd8 17. Qh5 Nd7 18. Bd4 Nf6 19. Bxf6 Bxf6 20. c6 Qb6
21. c7 Rc8 22. Rc6 Qd4 23. Rxe6+ Kf8 24. Rd1 Qc4 25. Bd5 Qxc7 26. Rc6 1-0

[Event "Karpos Open 2013"]
[Site "Skopje MKD"]
[Date "2013.03.13"]
[Round "6.36"]
[White "Hadzimanolis, Antonios"]
[Black "Can, Emre"]
[Result "1/2-1/2"]
[WhiteTitle "FM"]
[BlackTitle "GM"]
[WhiteElo "2289"]
[BlackElo "2474"]
[WhiteFideId "4202813"]
[BlackFideId "6302181"]
[EventDate "2013.03.09"]

1. e4 e6 2. d3 d5 3. Nd2 Nf6 4. Ngf3 Nc6 5. g3 dxe4 6. dxe4 e5 7. Bg2 Bc5 8. O-O
O-O 9. c3 a5 10. Qc2 Qe7 11. Nc4 Rd8 12. Ne3 Be6 13. Ng5 Bxe3 14. Nxe6 Bxf2+ 15.
Rxf2 fxe6 16. Bh3 Nb8 17. Bg5 Nbd7 18. Qb3 Nc5 19. Qc4 b5 20. Qxb5 Ncxe4 21.
Bxf6 gxf6 22. Re2 Nd6 23. Qb3 Re8 24. Rf1 Kh8 25. Bg2 Ra6 26. Qa4 Rb8 27. Qh4
Nf5 28. Qc4 Rab6 29. b3 Rd8 30. Bh3 Nh6 31. Qh4 Ng8 32. Bg2 Rd3 33. Qc4 Rbd6 34.
Qe4 Rd1 1/2-1/2

[Event "Karpos Open 2013"]
[Site "Skopje MKD"]
[Date "2013.03.13"]
[Round "6.37"]
[White "Drazic, Sinisa"]
[Black "Ratkovic, Miloje"]
[Result "1/2-1/2"]
[WhiteTitle "GM"]
[WhiteElo "2459"]
[BlackElo "2249"]
[WhiteFideId "901172"]
[BlackFideId "914517"]
[EventDate "2013.03.09"]

1. e4 c6 2. Nf3 d5 3. Nc3 Bg4 4. h3 Bh5 5. exd5 cxd5 6. Bb5+ Nc6 7. g4 Bg6 8.
Ne5 Rc8 9. d4 e6 10. h4 f6 11. Bxc6+ bxc6 12. Nxg6 hxg6 13. Qd3 Kf7 14. h5 gxh5
15. gxh5 Ne7 16. Be3 Nf5 17. O-O-O Qa5 18. Kb1 Bb4 19. Ne2 Qb5 20. Nf4 Qxd3 21.
Rxd3 Ne7 22. Rb3 Bd6 23. Rb7 Rc7 24. Rxc7 Bxc7 25. Ng6 Rh7 26. Nf4 Nf5 27. Ng6
Ne7 28. Nf4 Nf5 1/2-1/2

[Event "Karpos Open 2013"]
[Site "Skopje MKD"]
[Date "2013.03.13"]
[Round "6.38"]
[White "Perunovic, Miodrag"]
[Black "Bogoevski, Jani"]
[Result "1/2-1/2"]
[WhiteTitle "IM"]
[BlackTitle "FM"]
[WhiteElo "2445"]
[BlackElo "2217"]
[WhiteFideId "919993"]
[BlackFideId "15000435"]
[EventDate "2013.03.09"]

1. d4 d5 2. c4 e6 3. Nc3 Nf6 4. Nf3 Bb4 5. cxd5 exd5 6. Bg5 h6 7. Bh4 g5 8. Bg3
Ne4 9. Nd2 Nxc3 10. bxc3 Bxc3 11. Rc1 Bb2 12. Bxc7 Qe7 13. Bd6 Qe6 14. Rb1 Bc3
15. Ba3 Nc6 16. e3 Bxd4 17. Bb5 Be5 18. O-O Bd6 19. Bxd6 Qxd6 20. Ne4 Qe5 21.
Qxd5 Qxd5 22. Nf6+ Kf8 23. Nxd5 Ne7 24. Nc7 Rb8 25. Rfd1 Bf5 26. Rbc1 Kg7 27. e4
a6 28. exf5 axb5 29. g4 Rbd8 30. Nxb5 Nd5 31. f3 Nf4 32. Rxd8 Rxd8 33. Rc2 h5
34. gxh5 Rd5 35. a4 Rxf5 36. Rc7 Nxh5 37. Rxb7 Rxf3 38. a5 Nf4 39. Nd6 Ra3 40.
Nxf7 Rxa5 41. Nxg5+ Kg6 42. Nf3 Ra2 43. Rb5 Kf6 1/2-1/2

[Event "Karpos Open 2013"]
[Site "Skopje MKD"]
[Date "2013.03.13"]
[Round "6.39"]
[White "Rudolf, Anna"]
[Black "Arsovic, Zoran"]
[Result "0-1"]
[WhiteTitle "WGM"]
[BlackTitle "IM"]
[WhiteElo "2292"]
[BlackElo "2439"]
[WhiteFideId "722855"]
[BlackFideId "901679"]
[EventDate "2013.03.09"]

1. e4 c5 2. Nf3 e6 3. c3 d5 4. exd5 Qxd5 5. d4 Nf6 6. Na3 Nc6 7. Be3 Ng4 8. Bg5
Bd7 9. Be2 cxd4 10. Nb5 Rc8 11. Nbxd4 Bc5 12. O-O Nxd4 13. cxd4 Bd6 14. Qd2 Bc6
15. Bf4 O-O 16. Rac1 Nf6 17. Be5 Be7 18. Bc4 Qe4 19. h3 Qg6 20. Bd3 Qh5 21. Be2
Nd5 22. Bg3 Rfd8 23. Ne5 Qg5 24. Qxg5 Bxg5 25. Nxc6 bxc6 26. Rc2 Bf4 27. Bxf4
Nxf4 28. Bf3 Rxd4 29. Rfc1 g5 30. Rxc6 Rxc6 31. Rxc6 Rd2 32. Ra6 Rxb2 33. Rxa7
f5 34. a4 e5 35. Bc6 e4 36. Ra5 Ne2+ 37. Kh2 Nd4 38. Bd5+ Kg7 39. Kg1 Ne2+ 40.
Kh2 Nf4 41. Kg1 Rb1+ 42. Kh2 Rf1 43. Bc4 Rxf2 44. Rxf5 Rxg2+ 45. Kh1 Rc2 46.
Rxg5+ Kf6 47. Rg4 Nxh3 48. Rg3 Nf4 49. Bb5 Ra2 50. Kg1 Ke5 51. Kf1 Kd4 52. Rg4
Nd3 53. Rh4 Ne5 54. Be2 Ke3 55. Rh5 Ra1+ 56. Kg2 Nf3 57. Bf1 Ra2+ 58. Kg3 Rxa4
59. Rxh7 Ra1 60. Kg2 Ra5 61. Rg7 Rh5 62. Ba6 Rh2+ 63. Kg3 Rh1 64. Rc7 Rg1+ 65.
Kh3 Ra1 66. Bb7 Ra7 67. Rc3+ Kf4 68. Rb3 Ra2 0-1

[Event "Karpos Open 2013"]
[Site "Skopje MKD"]
[Date "2013.03.13"]
[Round "6.40"]
[White "Arsovic, Goran"]
[Black "Klemencic, Gorazd"]
[Result "1-0"]
[WhiteTitle "IM"]
[WhiteElo "2438"]
[BlackElo "2225"]
[WhiteFideId "901792"]
[BlackFideId "14600820"]
[EventDate "2013.03.09"]

1. d4 Nf6 2. Nf3 e6 3. c4 b6 4. g3 Ba6 5. Qa4 Be7 6. Bg2 Bb7 7. Bf4 O-O 8. Nc3
d5 9. Ne5 a6 10. cxd5 exd5 11. O-O b5 12. Qb3 c6 13. e4 dxe4 14. Nxe4 Nbd7 15.
Nxf6+ Bxf6 16. Nxc6 Qb6 17. d5 Nc5 18. Qc2 Nd7 19. Bc7 1-0

[Event "Karpos Open 2013"]
[Site "Skopje MKD"]
[Date "2013.03.13"]
[Round "6.41"]
[White "Duman, Aydin"]
[Black "Jacimovic, Dragoljub"]
[Result "1/2-1/2"]
[BlackTitle "GM"]
[WhiteElo "2249"]
[BlackElo "2433"]
[WhiteFideId "6301304"]
[BlackFideId "15000214"]
[EventDate "2013.03.09"]

1. e4 e6 2. d4 d5 3. Nc3 Bb4 4. exd5 exd5 5. Bd3 Nc6 6. a3 Bxc3+ 7. bxc3 Nf6 8.
Ne2 O-O 9. O-O Na5 10. Ng3 Nc4 11. h3 Nd6 12. Qf3 Nfe4 13. Nxe4 dxe4 14. Bxe4
Nxe4 15. Qxe4 Re8 16. Qf3 Be6 17. Re1 Qd5 18. Qg3 Bf5 1/2-1/2

[Event "Karpos Open 2013"]
[Site "Skopje MKD"]
[Date "2013.03.13"]
[Round "6.43"]
[White "Koksal, Ege"]
[Black "Sanal, Vahap"]
[Result "0-1"]
[WhiteTitle "CM"]
[BlackTitle "IM"]
[WhiteElo "2220"]
[BlackElo "2404"]
[WhiteFideId "6317626"]
[BlackFideId "6300545"]
[EventDate "2013.03.09"]

1. Nf3 Nf6 2. g3 d5 3. d4 c5 4. Bg2 cxd4 5. O-O g6 6. Nxd4 Bg7 7. c4 O-O 8. cxd5
Nxd5 9. Nc3 Nxc3 10. bxc3 Qc7 11. Rb1 Nc6 12. Qa4 Ne5 13. Nb5 Qb8 14. Ba3 a6 15.
Nd4 Qc7 16. Qb4 Re8 17. Rfd1 Nc4 18. Bd5 Nxa3 19. Qxa3 e6 20. Bg2 Rb8 21. Qb3
Bd7 22. Qb6 Rec8 23. e3 e5 24. Qxc7 Rxc7 25. Nb3 Bf5 26. Rbc1 Bf8 27. Rd5 f6 28.
c4 Be6 29. Rd3 b6 30. Bd5 Kf7 31. Kg2 Be7 32. Rb1 f5 33. Na5 e4 34. Rdb3 Bc5 35.
Nc6 Rbc8 36. Nb4 Ra7 37. Bxe6+ Kxe6 38. Nd5 b5 39. Nf4+ Ke5 40. cxb5 axb5 41.
Rxb5 Rxa2 42. Rc1 Kd6 43. Rd1+ Ke7 44. Rb7+ Kf6 45. Rdd7 g5 46. Nd5+ Ke6 47. Ne7
Re8 48. Nd5 Rc2 49. h4 h6 50. hxg5 hxg5 51. Kg1 Ra8 52. Nc7+ Kxd7 53. Nxa8+ Kc6
54. Rf7 Bd6 55. Rf6 Rb2 56. Rxf5 Ra2 57. Rxg5 Rxa8 58. Kg2 Bc7 59. Rf5 Rg8 60.
Kh3 Kd6 61. Rh5 Rf8 62. Kg2 Ke6 63. Rh6+ Kd5 64. Rh5+ Kc4 65. Rh7 Bd6 66. Ra7
Kd3 67. Ra4 Be5 68. Ra2 Bc3 69. Ra4 Rb8 70. Ra2 Rf8 71. Ra4 Rf7 72. Ra3 Kc4 73.
Ra1 Kd5 74. Ra3 Be1 75. Ra2 Ke5 76. Kf1 Bb4 77. Kg2 Kd5 78. Rc2 Rf8 79. Rc1 Rf7
80. Rc2 Bc5 81. Rc1 Ra7 82. Rc2 Ra3 83. Re2 Rc3 84. Ra2 Ke5 85. Rd2 Rd3 86. Rc2
Kd5 87. Kf1 Bb4 88. Ke2 Rb3 89. Ra2 Bc5 90. Rc2 Ra3 91. Kf1 Ra1+ 92. Ke2 Rh1 93.
Rd2+ Kc4 94. Ra2 Kb3 95. Rd2 Kc3 96. Rd5 0-1